| 000 | 00643nam a22002057a 4500 | ||
|---|---|---|---|
| 999 |
_c167576 _d167576 |
||
| 005 | 20190912152622.0 | ||
| 010 | _aENG-126460 | ||
| 020 |
_c459.00 _a978-93-530-6785-4 |
||
| 035 | _aEN-109992 | ||
| 037 | _bDBAD/PUB | ||
| 082 | _a155.2 | ||
| 100 | _aCarver, S.Charles | ||
| 245 |
_aPerspectives On Personality/ _cby Charles S. Carver [and] Michael F. Scheier |
||
| 250 | _aEighth Edition | ||
| 260 |
_aU.P _bPearson _c2019 |
||
| 270 |
_bNoida _a15th Floor, Tower-B,World Trade Tower,Plot No. 1, Block-C, Sector 16,, |
||
| 300 |
_a302p. _c28cm(pbk) _bill |
||
| 700 | _aScheier,Charles S | ||
| 942 |
_2ddc _cEN _h155.2 _mCAR |
||